<?xml version="1.0" encoding="UTF-8"?>
<record
    xmlns:xsi="http://www.w3.org/2001/XMLSchema-instance"
    xsi:schemaLocation="http://www.loc.gov/MARC21/slim http://www.loc.gov/standards/marcxml/schema/MARC21slim.xsd"
    xmlns="http://www.loc.gov/MARC21/slim">

  <leader>00983nam a2200289Ia 4500</leader>
  <controlfield tag="001">000482</controlfield>
  <controlfield tag="008">221003s1995    xx            000 0 spa d</controlfield>
  <datafield tag="035" ind1=" " ind2=" ">
    <subfield code="a">CENDO_1585</subfield>
  </datafield>
  <datafield tag="041" ind1=" " ind2=" ">
    <subfield code="a">spa</subfield>
  </datafield>
  <datafield tag="084" ind1=" " ind2=" ">
    <subfield code="a">GS-00001-00019</subfield>
  </datafield>
  <datafield tag="100" ind1=" " ind2=" ">
    <subfield code="a">SANCHEZ, Bel&#xE9;n</subfield>
    <subfield code="9">510</subfield>
  </datafield>
  <datafield tag="245" ind1=" " ind2="0">
    <subfield code="a">&lt;La&gt; formaci&#xF3;n continua como instrumento de adecuaci&#xF3;n a los cambios tecnol&#xF3;gicos y organizativos /</subfield>
    <subfield code="c">Bel&#xE9;n S&#xE1;nchez</subfield>
  </datafield>
  <datafield tag="260" ind1=" " ind2=" ">
    <subfield code="a">Madrid :</subfield>
    <subfield code="b">Federaci&#xF3;n Minerometal&#xFA;rgica de CCOO,</subfield>
    <subfield code="c">1995</subfield>
  </datafield>
  <datafield tag="300" ind1=" " ind2=" ">
    <subfield code="a">10 p.  ;</subfield>
    <subfield code="c"> 30 cm</subfield>
  </datafield>
  <datafield tag="650" ind1=" " ind2=" ">
    <subfield code="a">ORGANIZACION DEL TRABAJO</subfield>
    <subfield code="9">129</subfield>
  </datafield>
  <datafield tag="650" ind1=" " ind2="0">
    <subfield code="a">FORMACION PROFESIONAL PERMANENTE</subfield>
    <subfield code="9">379</subfield>
  </datafield>
  <datafield tag="650" ind1=" " ind2=" ">
    <subfield code="a">CAMBIO TECNOLOGICO</subfield>
    <subfield code="9">38</subfield>
  </datafield>
  <datafield tag="650" ind1=" " ind2=" ">
    <subfield code="a">CONFERENCIA</subfield>
    <subfield code="9">311</subfield>
  </datafield>
  <datafield tag="710" ind1=" " ind2=" ">
    <subfield code="a">CCOO</subfield>
    <subfield code="b">Federaci&#xF3;n Minerometal&#xFA;rgica</subfield>
    <subfield code="9">1601</subfield>
  </datafield>
  <datafield tag="711" ind1=" " ind2=" ">
    <subfield code="a">&lt;LA&gt; ORGANIZACION DEL TRABAJO Y LA DISTRIBUCION DE LOS TIEMPOS DE TRABAJO</subfield>
    <subfield code="d">(1995 :</subfield>
    <subfield code="c">Madrid)</subfield>
    <subfield code="9">2547</subfield>
  </datafield>
  <datafield tag="901" ind1=" " ind2=" ">
    <subfield code="a">1</subfield>
  </datafield>
  <datafield tag="903" ind1=" " ind2=" ">
    <subfield code="a">NO</subfield>
  </datafield>
  <datafield tag="953" ind1=" " ind2=" ">
    <subfield code="d">1995-09-27</subfield>
    <subfield code="y">DOCUMENTO</subfield>
    <subfield code="o">GS-00001-00019</subfield>
  </datafield>
  <datafield tag="999" ind1=" " ind2=" ">
    <subfield code="c">1584</subfield>
    <subfield code="d">1584</subfield>
  </datafield>
  <datafield tag="910" ind1=" " ind2=" ">
    <subfield code="a">1995</subfield>
  </datafield>
  <datafield tag="942" ind1=" " ind2=" ">
    <subfield code="c">DOCUMENTO</subfield>
  </datafield>
  <datafield tag="952" ind1=" " ind2=" ">
    <subfield code="0">0</subfield>
    <subfield code="1">0</subfield>
    <subfield code="4">0</subfield>
    <subfield code="7">0</subfield>
    <subfield code="a">CENDO</subfield>
    <subfield code="b">CENDO</subfield>
    <subfield code="d">1995-09-27</subfield>
    <subfield code="l">0</subfield>
    <subfield code="o">GS-00001-00019</subfield>
    <subfield code="p">CENDO_1585</subfield>
    <subfield code="r">2022-10-05 00:00:00</subfield>
    <subfield code="w">2022-10-05</subfield>
    <subfield code="y">DOCUMENTO</subfield>
  </datafield>
</record>
